[Event "Lliga Catalana eq. DH"]
[Site "?"]
[Date "2014.01.25"]
[Round "1"]
[White "Gonzalez Garcia, M."]
[Black "Milliet, S."]
[Result "1/2-1/2"]
[WhiteElo "2328"]
[BlackElo "2372"]
[PlyCount "60"]
[EventDate "2014.??.??"]
[EventType "team"]
[EventCountry "ESP"]

1. d4 Nf6 2. Bg5 e6 3. Nd2 h6 4. Bh4 c5 5. e3 cxd4 6. exd4 b6 7. Ngf3 Be7 8. c3
Bb7 9. Bxf6 Bxf6 10. Bd3 Be7 11. O-O d6 12. a4 a6 13. Qe2 O-O 14. Be4 Bxe4 15.
Nxe4 d5 16. Ned2 Nc6 17. g3 Qc7 18. Rfc1 Rfc8 19. Qd1 Qb7 20. Ne1 Na5 21. Nd3
Bd6 22. f4 Nc4 23. Nxc4 dxc4 24. Ne1 b5 25. axb5 axb5 26. Qf3 Qxf3 27. Nxf3 f6
28. Kf2 g5 29. Ke3 Kf7 30. Nd2 gxf4+ 1/2-1/2

[Event "Lliga Catalana eq. DH"]
[Site "?"]
[Date "2014.01.25"]
[Round "1"]
[White "Gual Pascual, A."]
[Black "Gallart Zafra, J."]
[Result "0-1"]
[WhiteElo "2516"]
[BlackElo "2339"]
[PlyCount "132"]
[EventDate "2014.??.??"]
[EventType "team"]
[EventCountry "ESP"]

1. Nf3 c5 2. c4 Nc6 3. d4 cxd4 4. Nxd4 e6 5. a3 Nf6 6. Nc3 Bc5 7. Nb3 Be7 8. g3
O-O 9. Bg2 b6 10. O-O Ba6 11. Nd2 Rb8 12. b4 Ne5 13. Qa4 Bxc4 14. Nxc4 Nxc4 15.
Bf4 d6 16. Nb5 Nh5 17. Rfc1 Nxf4 18. Rxc4 Nxg2 19. Kxg2 d5 20. Rc7 a5 21. Rac1
axb4 22. axb4 Bf6 23. Na7 Qd6 24. b5 Ra8 25. Qc2 Bd4 26. Qc6 Qb4 27. Nc8 Ra2
28. Ne7+ Kh8 29. Rc8 Qxe7 30. Qd7 Bc5 31. R1xc5 Qxc5 32. Rxc5 bxc5 33. Qe7 Kg8
34. Qxc5 Rb2 35. e4 dxe4 36. Qe5 Rb1 37. h4 Rd1 38. Qxe4 Rd5 39. b6 Rb8 40. Qa4
Rd6 41. b7 Rb6 42. h5 h6 43. g4 R6xb7 44. f3 Rb4 45. Qd7 R4b7 46. Qd6 Rf8 47.
Qc6 Rbb8 48. Kg3 Rbd8 49. Qc5 Rd5 50. Qc6 Rfd8 51. Qb6 e5 52. Qc7 e4 53. fxe4
R5d7 54. Qe5 Kf8 55. g5 hxg5 56. Qxg5 Rd3+ 57. Kf4 R8d6 58. Qc5 Kg8 59. Qc8+
Rd8 60. Qc7 R3d7 61. Qe5 Rd6 62. Qe7 Rf6+ 63. Ke3 Rf8 64. Kd3 Re6 65. Qg5 Rfe8
66. Kc3 Re5 0-1

[Event "Lliga Catalana eq. DH"]
[Site "?"]
[Date "2014.01.25"]
[Round "1.1"]
[White "Alsina Leal, D."]
[Black "Cuartas Medina, JA."]
[Result "0-1"]
[WhiteElo "2545"]
[BlackElo "2537"]
[PlyCount "126"]
[EventDate "2014.??.??"]
[EventType "team"]
[EventCountry "ESP"]

1. e4 e5 2. Nf3 Nc6 3. Bb5 a6 4. Bxc6 dxc6 5. O-O Bg4 6. h3 h5 7. d3 Qf6 8. Be3
Bxf3 9. Qxf3 Qxf3 10. gxf3 Bd6 11. Nd2 Ne7 12. Rfb1 a5 13. a4 c5 14. Nc4 Nc6
15. c3 O-O-O 16. Kf1 Be7 17. Ke2 g5 18. Rg1 Rhg8 19. Rg2 Rg6 20. Rag1 Rdg8 21.
Bd2 b6 22. Ne3 Kb7 23. Nf5 Bf6 24. Be3 Ka6 25. Rd1 Rd8 26. Bc1 Rdg8 27. Ne3 Bd8
28. b3 Kb7 29. Bb2 Be7 30. Nf5 Bf6 31. d4 exd4 32. cxd4 Re8 33. Rgg1 cxd4 34.
Bxd4 g4 35. Bxf6 Rxf6 36. hxg4 hxg4 37. fxg4 Rxe4+ 38. Kf1 Ne5 39. Rd4 Rxg4 40.
Rgxg4 Nxg4 41. Rxg4 Rxf5 42. Ke2 Kc6 43. Ke3 Kd6 44. Rd4+ Rd5 45. Rf4 Ke6 46.
Rh4 Rc5 47. Kd3 Rc1 48. b4 axb4 49. Rxb4 Kf5 50. a5 bxa5 51. Rb5+ Kf4 52. Rxa5
Re1 53. Rc5 Re7 54. Kd2 Ke4 55. Rc3 Kd4 56. Rd3+ Kc4 57. Rc3+ Kb4 58. Rc6 Rd7+
59. Kc2 Kb5 60. Rf6 Kc4 61. Rf4+ Kd5 62. Kd3 Ke5+ 63. Ke3 Rd3+ 0-1

[Event "Lliga Catalana eq. DH"]
[Site "?"]
[Date "2014.04.05"]
[Round "1.1"]
[White "Baches Garcia, G."]
[Black "Anton, J."]
[Result "1/2-1/2"]
[WhiteElo "2424"]
[BlackElo "2457"]
[PlyCount "23"]
[EventDate "2014.??.??"]
[EventType "team"]
[EventCountry "ESP"]

1. e4 c5 2. Nf3 e6 3. d4 cxd4 4. Nxd4 Nf6 5. Nc3 d6 6. Be3 a6 7. Qf3 Nc6 8.
O-O-O Qc7 9. Qg3 Nxd4 10. Rxd4 e5 11. Rd2 Be6 12. Bg5 1/2-1/2

[Event "Lliga Catalana eq. DH"]
[Site "?"]
[Date "2014.01.25"]
[Round "1.1"]
[White "Baches Garcia, G."]
[Black "Cornette, M."]
[Result "1/2-1/2"]
[WhiteElo "2424"]
[BlackElo "2571"]
[PlyCount "40"]
[EventDate "2014.??.??"]
[EventType "team"]
[EventCountry "ESP"]

1. e4 c5 2. Nf3 Nc6 3. d4 cxd4 4. Nxd4 e5 5. Nb5 d6 6. N1c3 a6 7. Na3 Be7 8.
Nc4 b5 9. Ne3 Nf6 10. g3 h5 11. Bg2 h4 12. O-O h3 13. Bh1 O-O 14. Ncd5 Nxd5 15.
Nxd5 Bg5 16. Be3 Be6 17. Qd2 Bxe3 18. Nxe3 Qf6 19. f4 exf4 20. gxf4 Nd8 1/2-1/2

[Event "Lliga Catalana eq. DH"]
[Site "?"]
[Date "2014.01.25"]
[Round "1.1"]
[White "Cruz Sanchez, JE."]
[Black "Moskalenko, V."]
[Result "0-1"]
[WhiteElo "2541"]
[BlackElo "2583"]
[PlyCount "116"]
[EventDate "2014.??.??"]
[EventType "team"]
[EventCountry "ESP"]

1. e4 d6 2. d4 Nf6 3. Nc3 g6 4. f4 Bg7 5. Nf3 O-O 6. e5 dxe5 7. dxe5 Qxd1+ 8.
Kxd1 Nh5 9. Bd2 Nc6 10. Kc1 Bg4 11. Be2 Rad8 12. Re1 f6 13. exf6 exf6 14. h3
Bxf3 15. Bxf3 f5 16. Nd5 Rf7 17. c3 Rfd7 18. g4 Ng3 19. Re3 Ne4 20. Bxe4 fxe4
21. c4 b5 22. Be1 bxc4 23. Bh4 Rxd5 24. Bxd8 Rxd8 25. Rxe4 Nd4 26. Rb1 Kf7 27.
Kd2 c5 28. Ke3 Rb8 29. Rc1 Rb4 30. Rc3 a5 31. a3 Rxb2 32. Rxc4 Nb3 33. f5 gxf5
34. gxf5 Nd2 35. Rxc5 Nxe4 36. Kxe4 Rb3 37. Rxa5 Rxh3 38. Ra6 Rh4+ 39. Kf3 Be5
40. Kg2 h5 41. Rh6 Bg7 42. Ra6 Rf4 43. a4 Rxf5 44. a5 Bf6 45. Ra8 h4 46. a6 Ra5
47. Rc8 Rxa6 48. Rc5 Ra3 49. Rh5 Kg6 50. Rb5 Bg5 51. Rb8 Kf5 52. Rf8+ Kg4 53.
Rg8 h3+ 54. Kh2 Ra2+ 55. Kh1 Kh4 56. Kg1 Be3+ 57. Kf1 h2 58. Rh8+ Kg3 0-1

[Event "Lliga Catalana eq. DH"]
[Site "?"]
[Date "2014.01.25"]
[Round "1.1"]
[White "Lacasa Diaz, JA."]
[Black "Lopez Martinez, JM."]
[Result "1/2-1/2"]
[WhiteElo "2457"]
[BlackElo "2576"]
[PlyCount "76"]
[EventDate "2014.??.??"]
[EventType "team"]
[EventCountry "ESP"]

1. e4 c5 2. Nf3 e6 3. Nc3 a6 4. d4 cxd4 5. Nxd4 Ne7 6. f4 b5 7. Bd3 Bb7 8. Be3
Nec6 9. Nxc6 Nxc6 10. O-O Be7 11. Qh5 Nb4 12. f5 exf5 13. Qxf5 O-O 14. Rad1 d6
15. e5 Nxd3 16. Rxd3 Qc7 17. Nd5 Bxd5 18. Rxd5 Rae8 19. exd6 Bxd6 20. Rxd6 Qxd6
21. Bc5 Qc7 22. Bxf8 Rxf8 23. h3 Re8 24. Qf2 g6 25. c3 Re4 26. Re1 Qe5 27. Rxe4
Qxe4 28. Kh2 h5 29. Qd2 h4 30. Qd6 Kg7 31. Qxa6 Qf4+ 32. Kg1 Qc1+ 33. Kh2 Qxb2
34. Qb6 Qxc3 35. Qxb5 Qg3+ 36. Kh1 Qe1+ 37. Kh2 Qg3+ 38. Kh1 Qe1+ 1/2-1/2

[Event "Lliga Catalana eq. DH"]
[Site "?"]
[Date "2014.02.08"]
[Round "1.1"]
[White "Moskalenko, V."]
[Black "Lopez Martinez, JM."]
[Result "1/2-1/2"]
[WhiteElo "2583"]
[BlackElo "2576"]
[PlyCount "69"]
[EventDate "2014.??.??"]
[EventType "team"]
[EventCountry "ESP"]

1. b3 d5 2. Bb2 c6 3. e3 Bf5 4. f4 Nd7 5. Nf3 e6 6. h3 h5 7. g3 Ngf6 8. Nc3 Bd6
9. Qe2 Qe7 10. O-O-O Ba3 11. d3 a5 12. e4 Bh7 13. Ng5 a4 14. Nxh7 Rxh7 15. e5
Bxb2+ 16. Kxb2 d4 17. Ne4 Nxe4 18. dxe4 axb3 19. cxb3 h4 20. Rxd4 Qa3+ 21. Kb1
hxg3 22. Bg2 Nc5 23. Qc2 Rh4 24. Rf1 Qa7 25. Rd2 Qb6 26. Qc3 g6 27. Qxg3 Rh8
28. Rfd1 Qa5 29. f5 gxf5 30. exf5 exf5 31. h4 Qb4 32. Rd4 Qa3 33. R4d2 Qb4 34.
Rd4 Qa3 35. R4d2 1/2-1/2

[Event "Lliga Catalana eq. DH"]
[Site "?"]
[Date "2014.01.25"]
[Round "1.1"]
[White "Movsziszian, K."]
[Black "Muñoz Pantoja, M."]
[Result "1/2-1/2"]
[WhiteElo "2544"]
[BlackElo "2559"]
[PlyCount "54"]
[EventDate "2014.??.??"]
[EventType "team"]
[EventCountry "ESP"]

1. g3 c5 2. Bg2 Nc6 3. d3 g6 4. f4 Bg7 5. Nf3 e6 6. O-O Nge7 7. e4 O-O 8. c3 d5
9. e5 d4 10. c4 Nf5 11. Qe2 f6 12. g4 Ne3 13. Bxe3 dxe3 14. Qxe3 fxe5 15. fxe5
Nxe5 16. Nxe5 Rxf1+ 17. Kxf1 Qf6+ 18. Ke2 Qxe5 19. Qxe5 Bxe5 20. Nc3 Rb8 21. h3
Bd7 22. Rb1 b6 23. Ne4 a5 24. b3 Rf8 25. a4 Kg7 26. Rf1 Rxf1 27. Kxf1 h6
1/2-1/2

[Event "Lliga Catalana eq. DH"]
[Site "?"]
[Date "2014.02.15"]
[Round "1.1"]
[White "Muñoz Pantoja, M."]
[Black "Lopez Martinez, JM."]
[Result "1/2-1/2"]
[WhiteElo "2559"]
[BlackElo "2576"]
[PlyCount "82"]
[EventDate "2014.??.??"]
[EventType "team"]
[EventCountry "ESP"]

1. e4 c6 2. Nc3 d5 3. Nf3 Nf6 4. e5 Ne4 5. d4 Nxc3 6. bxc3 e6 7. Bd3 c5 8. dxc5
Nd7 9. c4 dxc4 10. Bxc4 Qc7 11. O-O Bxc5 12. Qe2 b6 13. Rd1 Bb7 14. Bb5 Bc6 15.
c4 h6 16. Bxc6 Qxc6 17. Nd4 Bxd4 18. Rxd4 Rc8 19. Ba3 Nc5 20. Qg4 O-O 21. Rad1
Qc7 22. Rd6 Kh7 23. h4 Qb7 24. R1d4 Qa6 25. Qg3 Qa5 26. Rg4 Qe1+ 27. Kh2 Rg8
28. Qf4 Qe2 29. Rd2 Qe1 30. Rd6 Qe2 31. Rd2 Qe1 32. Rd4 Rc7 33. Bxc5 bxc5 34.
Rd3 Rb7 35. Re3 Qb1 36. Rb3 Rxb3 37. axb3 Qf5 38. Qg3 a6 39. Kg1 Qb1+ 40. Kh2
Qf5 41. Kg1 Qb1+ 1/2-1/2

[Event "Lliga Catalana eq. DH"]
[Site "?"]
[Date "2014.01.25"]
[Round "1.1"]
[White "Narciso Dublan, M."]
[Black "Jerez Perez, A."]
[Result "1-0"]
[WhiteElo "2544"]
[BlackElo "2444"]
[PlyCount "133"]
[EventDate "2014.??.??"]
[EventType "team"]
[EventCountry "ESP"]

1. d4 Nf6 2. c4 g6 3. Nc3 d5 4. Nf3 Bg7 5. cxd5 Nxd5 6. Na4 O-O 7. e4 Nb6 8.
Be3 Bg4 9. Nc5 Nc6 10. Nxb7 Qb8 11. Ba6 e5 12. dxe5 Nxe5 13. Rc1 Nbc4 14. O-O
Nxb2 15. Qe2 Qc8 16. Bf4 Bxf3 17. gxf3 Nbd3 18. Bxd3 Qxb7 19. Rc5 Rfe8 20. Rfc1
c6 21. Qe3 Qd7 22. Be2 Rab8 23. Bg3 Rb2 24. Ra5 Qe6 25. f4 Ng4 26. Qf3 h5 27.
e5 Qd7 28. Bf1 Rc8 29. Rd1 Qe7 30. Bh3 Rd8 31. Rc1 Nh6 32. Qa3 Qxa3 33. Rxa3
Rdd2 34. Rxa7 Rxa2 35. Rxa2 Rxa2 36. Rxc6 Nf5 37. Bxf5 gxf5 38. Bh4 Kh7 39. Kg2
Ra8 40. Bg5 Re8 41. Kg3 Re6 42. Rc1 f6 43. exf6 Bxf6 44. Kh4 Kg6 45. Bxf6 Kxf6
46. Kxh5 Ra6 47. h4 Ra2 48. Rc6+ Kg7 49. Kg5 Rxf2 50. Rc7+ Kg8 51. h5 Rg2+ 52.
Kxf5 Rg1 53. Kf6 Rf1 54. f5 Rg1 55. Ra7 Rg2 56. h6 Rf2 57. Kg6 Rg2+ 58. Kf6 Rf2
59. Re7 Ra2 60. Kg6 Rg2+ 61. Kf6 Ra2 62. Rg7+ Kh8 63. Rd7 Kg8 64. Rb7 Ra1 65.
Kg6 Rg1+ 66. Kf6 Ra1 67. Re7 1-0

[Event "Lliga Catalana eq. DH"]
[Site "?"]
[Date "2014.01.25"]
[Round "1.1"]
[White "Zurano Lopez, P."]
[Black "Peralta, F."]
[Result "1/2-1/2"]
[WhiteElo "2442"]
[BlackElo "2591"]
[PlyCount "68"]
[EventDate "2014.??.??"]
[EventType "team"]
[EventCountry "ESP"]

1. e4 d6 2. d4 Nf6 3. Nc3 g6 4. g3 Bg7 5. Bg2 O-O 6. Nge2 e5 7. dxe5 dxe5 8.
Qxd8 Rxd8 9. Bg5 c6 10. O-O Na6 11. Rfd1 Be6 12. a3 h6 13. Be3 Nd7 14. Rd2 Nb6
15. Rad1 Rxd2 16. Bxd2 Nc4 17. Bc1 Bf8 18. Nb1 b5 19. b3 Nb6 20. Bb2 f6 21. f4
Re8 22. Bf3 Nc5 23. Nd2 Bf7 24. fxe5 fxe5 25. Nf1 Ncd7 26. Bc1 Nf6 27. Kg2 Nbd7
28. g4 Be6 29. Ne3 Nc5 30. Ng3 Bc8 31. Bb2 Nfd7 32. h4 Ne6 33. h5 Nf4+ 34. Kh2
gxh5 1/2-1/2

[Event "Lliga Catalana eq. DH"]
[Site "?"]
[Date "2014.01.25"]
[Round "1.2"]
[White "Ayza Leon, D."]
[Black "Delorme, Axel"]
[Result "0-1"]
[WhiteElo "2302"]
[BlackElo "2479"]
[PlyCount "91"]
[EventDate "2014.??.??"]
[EventType "team"]
[EventCountry "ESP"]

1. e4 e5 2. Nf3 Nc6 3. Bb5 g6 4. O-O Bg7 5. c3 a6 6. Ba4 Nge7 7. d4 exd4 8.
cxd4 b5 9. Bb3 O-O 10. Nc3 Na5 11. Bc2 d6 12. h3 Bb7 13. Rb1 Rc8 14. Bg5 h6 15.
Bh4 g5 16. Bg3 f5 17. exf5 Nxf5 18. d5 Nc4 19. Qd3 Qf6 20. Ne4 Qf7 21. b3 Na3
22. Bxd6 cxd6 23. Nxd6 Qc7 24. Nxf5 Nxc2 25. d6 Nb4 26. dxc7 Nxd3 27. Ne7+ Kf7
28. Nxc8 Rxc8 29. Rbd1 Be4 30. Ne1 Nc5 31. f4 g4 32. b4 Ne6 33. f5 Nxc7 34. Rf4
Bd5 35. Rxg4 Re8 36. Nd3 Bxa2 37. Nf4 Bf6 38. Nh5 Bc3 39. Rg6 Bd5 40. Rxh6 Kg8
41. f6 Re2 42. Rg6+ Kf8 43. Nf4 Rd2 44. Rc1 Bd4+ 45. Kh1 Be5 46. Nh5 {ilegible}
0-1

[Event "Lliga Catalana eq. DH"]
[Site "?"]
[Date "2014.01.25"]
[Round "1.2"]
[White "Cruz Sanchez, C."]
[Black "Cruz Estrada, F."]
[Result "1-0"]
[WhiteElo "2593"]
[BlackElo "2486"]
[PlyCount "83"]
[EventDate "2014.??.??"]
[EventType "team"]
[EventCountry "ESP"]

1. d4 d5 2. c4 e6 3. Nc3 f5 4. Bf4 c6 5. e3 Nf6 6. Qc2 Bd6 7. Nh3 O-O 8. Bd3
Ne4 9. O-O-O Na6 10. a3 Nc7 11. Bxd6 Nxd6 12. c5 Ne4 13. Nb1 Bd7 14. f3 Nf6 15.
Nd2 b6 16. e4 bxc5 17. Qxc5 Qb8 18. e5 Nh5 19. Qc2 Nb5 20. Nb3 Nxd4 21. Nxd4 c5
22. Nxf5 exf5 23. f4 Be6 24. Kb1 Qb6 25. Be2 g6 26. Bxh5 gxh5 27. Ng5 Rac8 28.
Qe2 d4 29. Qxh5 Rc7 30. Nxe6 Qxe6 31. Rd2 Rb8 32. Rc1 Qd5 33. Qxf5 c4 34. Rc3
Rg7 35. Qc2 Rgb7 36. Rg3+ Kh8 37. b4 a5 38. Qf5 Rb6 39. Qg4 Qe4+ 40. Ka2 R6b7
41. f5 Qe1 42. Rd1 1-0

[Event "Lliga Catalana eq. DH"]
[Site "?"]
[Date "2014.01.25"]
[Round "1.2"]
[White "Fluvia Poyatos, Joan"]
[Black "Montell Lorenzo, JC."]
[Result "1-0"]
[WhiteElo "2554"]
[BlackElo "2344"]
[PlyCount "95"]
[EventDate "2014.??.??"]
[EventType "team"]
[EventCountry "ESP"]

1. e4 c5 2. Nf3 Nc6 3. d4 cxd4 4. Nxd4 e5 5. Nb5 a6 6. Nd6+ Bxd6 7. Qxd6 Qf6 8.
Qxf6 Nxf6 9. Nc3 d5 10. exd5 Nb4 11. Bd3 Nfxd5 12. Nxd5 Nxd5 13. Bd2 O-O 14.
O-O-O Re8 15. Rhe1 Bd7 16. c4 Rac8 17. Kb1 Nf6 18. Bg5 e4 19. Bf1 Bf5 20. Bxf6
gxf6 21. Re3 Red8 22. Rxd8+ Rxd8 23. Kc2 Bg6 24. g3 Kg7 25. Be2 f5 26. Kc3 Kf6
27. f4 Ke6 28. b4 Kd6 29. Kc2 Kc6 30. Ra3 f6 31. Ra5 h5 32. a4 Rd6 33. Rc5+ Kd7
34. a5 Bf7 35. Kc3 e3 36. Bd3 Be6 37. b5 Kd8 38. b6 Rd7 39. Kc2 Ke7 40. h4 Kd8
41. Kc3 Ke7 42. Be2 Bf7 43. Bf3 Rd2 44. Rc7+ Kf8 45. Rxb7 Rf2 46. Rxf7+ Kxf7
47. Bxh5+ Ke7 48. b7 1-0

[Event "Lliga Catalana eq. DH"]
[Site "?"]
[Date "2014.01.25"]
[Round "1.2"]
[White "Guerra Mendez, JA."]
[Black "Trepat Herranz, J."]
[Result "1-0"]
[WhiteElo "2404"]
[BlackElo "2416"]
[PlyCount "57"]
[EventDate "2014.??.??"]
[EventType "team"]
[EventCountry "ESP"]

1. e4 e5 2. Nf3 Nc6 3. d4 exd4 4. Nxd4 Bb4+ 5. c3 Bc5 6. Nxc6 bxc6 7. Bd3 Qf6
8. O-O Ne7 9. Kh1 d5 10. Nd2 O-O 11. f4 Qh6 12. f5 Be3 13. Nb3 dxe4 14. Bxe4
Ba6 15. Bxe3 Qxe3 16. Re1 Qf2 17. Qd4 Qxb2 18. f6 Ng6 19. Bxc6 Rad8 20. Qxa7
Bc4 21. fxg7 Kxg7 22. Rab1 Qxc3 23. Rbc1 Qd3 24. Be4 Qd6 25. Rxc4 Rfe8 26. Rcc1
Re5 27. Bxg6 hxg6 28. Rxe5 Qxe5 29. Qf2 1-0

[Event "Lliga Catalana eq. DH"]
[Site "?"]
[Date "2014.01.25"]
[Round "1.2"]
[White "Magem Badals, J."]
[Black "Beltran Rueda, S."]
[Result "1-0"]
[WhiteElo "2455"]
[BlackElo "2576"]
[PlyCount "65"]
[EventDate "2014.??.??"]
[EventType "team"]
[EventCountry "ESP"]

1. e4 c5 2. Nf3 e6 3. g3 Nc6 4. Bg2 Nf6 5. Qe2 Be7 6. O-O d5 7. d3 O-O 8. e5
Nd7 9. c4 a6 10. Nc3 Nd4 11. Nxd4 cxd4 12. Nb1 dxc4 13. dxc4 d3 14. Qxd3 Nxe5
15. Qc2 Nc6 16. Be3 Qc7 17. Nc3 Bd7 18. Rac1 Na5 19. b3 Ba3 20. Bf4 Qc5 21.
Rcd1 Qe7 22. Nb1 Bc5 23. Qd2 e5 24. Bg5 f6 25. Be3 Bxe3 26. fxe3 Bg4 27. Qxa5
Bxd1 28. Rxd1 Rad8 29. Rd5 Kh8 30. Nc3 Rde8 31. Ne4 f5 32. Nd6 Rb8 33. Qc3 1-0

[Event "Lliga Catalana eq. DH"]
[Site "?"]
[Date "2014.02.15"]
[Round "1.2"]
[White "Magem Badals, J."]
[Black "Oratovsky, M."]
[Result "1/2-1/2"]
[WhiteElo "2576"]
[BlackElo "2533"]
[PlyCount "31"]
[EventDate "2014.??.??"]
[EventType "team"]
[EventCountry "ESP"]

1. e4 c5 2. c3 d6 3. d4 Nf6 4. Bd3 Nc6 5. Nf3 g6 6. O-O Bg7 7. h3 O-O 8. d5 Nb8
9. c4 e5 10. Nc3 Ne8 11. a3 Na6 12. Rb1 f5 13. b4 Nf6 14. Bd2 Qe7 15. Re1 Kh8
16. Qc2 1/2-1/2

[Event "Lliga Catalana eq. DH"]
[Site "?"]
[Date "2014.01.25"]
[Round "1.2"]
[White "Oratovsky, M."]
[Black "Gonzalez Perez, A."]
[Result "1-0"]
[WhiteElo "2533"]
[BlackElo "2567"]
[PlyCount "69"]
[EventDate "2014.??.??"]
[EventType "team"]
[EventCountry "ESP"]

1. e4 e5 2. Bc4 Nf6 3. d3 Nc6 4. Nf3 Bc5 5. c3 d6 6. Nbd2 a6 7. Bb3 Ba7 8. Nf1
h6 9. Ng3 Be6 10. O-O O-O 11. Re1 Re8 12. Ba4 b5 13. Bc2 d5 14. exd5 Bxd5 15.
h3 Bc5 16. b4 Bf8 17. a4 g6 18. h4 Be6 19. h5 g5 20. Nxe5 Nxe5 21. Rxe5 Bd6 22.
Re1 Bxg3 23. fxg3 Qd6 24. Be3 Bg4 25. Qd2 Nxh5 26. d4 Nxg3 27. axb5 f5 28. Rxa6
Rxa6 29. bxa6 f4 30. Bxf4 Rxe1+ 31. Qxe1 gxf4 32. Qe8+ Kg7 33. a7 Ne2+ 34. Kf2
Nxd4 35. a8=Q 1-0

[Event "Lliga Catalana eq. DH"]
[Site "?"]
[Date "2014.02.22"]
[Round "1.2"]
[White "Peralta, F."]
[Black "Lopez Martinez, JM."]
[Result "1/2-1/2"]
[WhiteElo "2591"]
[BlackElo "2576"]
[PlyCount "116"]
[EventDate "2014.??.??"]
[EventType "team"]
[EventCountry "ESP"]

1. d4 d6 2. Nf3 Nf6 3. c4 c6 4. Nc3 Bf5 5. Nh4 Bd7 6. e4 e5 7. Nf3 Bg4 8. Be2
Nbd7 9. O-O Be7 10. Be3 O-O 11. d5 Bxf3 12. Bxf3 Qb8 13. b4 Rc8 14. Qb3 c5 15.
a3 Qc7 16. Rfc1 Qd8 17. g3 h5 18. Na4 b6 19. Rab1 g6 20. Qd3 Ng4 21. Bxg4 hxg4
22. bxc5 bxc5 23. Qe2 Bg5 24. Qxg4 Bxe3 25. fxe3 Rcb8 26. Nc3 Nf6 27. Qd1 Kg7
28. Qc2 Qd7 29. Rf1 Rxb1 30. Rxb1 Rh8 31. Qe2 Ng4 32. h4 g5 33. Rf1 gxh4 34.
Rf5 Nh6 35. Rg5+ Kf8 36. gxh4 Qh3 37. Rg2 Qxh4 38. Qf2 Ng4 39. Qxh4 Rxh4 40.
Re2 a6 41. Kg2 Nf6 42. Kf3 Rh1 43. Rc2 Rh3+ 44. Ke2 Ng4 45. Nd1 Rh1 46. Rb2 Nf6
47. Nf2 Rc1 48. Rb6 Rxc4 49. Rxa6 Rc2+ 50. Kf3 c4 51. Ng4 Nxg4 52. Kxg4 Ke7 53.
Ra7+ Kd8 54. Ra6 Kc7 55. Rc6+ Kd7 56. a4 c3 57. a5 Rc1 58. a6 c2 1/2-1/2

[Event "Lliga Catalana eq. DH"]
[Site "?"]
[Date "2014.03.29"]
[Round "1.2"]
[White "Rizouk, A."]
[Black "Lopez Martinez, JM."]
[Result "0-1"]
[WhiteElo "2534"]
[BlackElo "2576"]
[PlyCount "64"]
[EventDate "2014.??.??"]
[EventType "team"]
[EventCountry "ESP"]

1. e4 e5 2. Nf3 Nc6 3. Bc4 Bc5 4. c3 Nf6 5. d3 a6 6. Bb3 d6 7. Nbd2 h6 8. h3
Ba7 9. Nf1 O-O 10. g4 Nh7 11. Ng3 Be6 12. Bc2 d5 13. Qe2 dxe4 14. dxe4 b5 15.
b3 b4 16. cxb4 Nd4 17. Nxd4 Qxd4 18. Rb1 Qxb4+ 19. Kf1 Rfd8 20. Nf5 Rd7 21. Kg2
Rad8 22. a3 Qc3 23. Bb2 Rd2 24. Bxc3 Rxe2 25. Rhd1 Rxd1 26. Bxd1 Rxf2+ 27. Kg3
Ng5 28. Bxe5 Nxe4+ 29. Kh4 Rxf5 30. gxf5 Bxf5 31. Rb2 Be3 32. Rg2 Bg5+ 0-1

[Event "Lliga Catalana eq. DH"]
[Site "?"]
[Date "2014.01.25"]
[Round "1.2"]
[White "Valdes Romero, L."]
[Black "Rizouk, A."]
[Result "1/2-1/2"]
[WhiteElo "2453"]
[BlackElo "2534"]
[PlyCount "102"]
[EventDate "2014.??.??"]
[EventType "team"]
[EventCountry "ESP"]

1. Nf3 Nf6 2. d4 e6 3. g3 b5 4. Bg2 Bb7 5. O-O c5 6. Na3 a6 7. c4 b4 8. Nc2
cxd4 9. Nfxd4 Bxg2 10. Kxg2 Qc7 11. Qd3 Nc6 12. Nxc6 Qxc6+ 13. f3 Rc8 14. b3 d5
15. Ne3 dxc4 16. Nxc4 Be7 17. Bb2 O-O 18. Bxf6 Bxf6 19. Rad1 Rfd8 20. Qb1 g6
21. Rxd8+ Rxd8 22. Rd1 Rd5 23. e4 Rd4 24. Rxd4 Bxd4 25. Qe1 Qc5 26. e5 Kg7 27.
Qe2 h5 28. f4 Qd5+ 29. Qf3 f6 30. exf6+ Kxf6 31. Nd2 Bb6 32. Ne4+ Ke7 33. Qe2
e5 34. fxe5 Qxe5 35. Qf3 Qb2+ 36. Kh3 Qe5 37. Nd2 Qe6+ 38. Kg2 Qe3 39. Nc4
Qxf3+ 40. Kxf3 Bd4 41. Ke4 Bg1 42. h3 Kf6 43. Na5 Bf2 44. g4 Kg5 45. Kf3 Bg1
46. Nb7 Bb6 47. Nd6 Kh4 48. gxh5 gxh5 49. Kg2 Kg5 50. Kf3 Kh4 51. Kg2 Kg5
1/2-1/2

[Event "Lliga Catalana eq. DH"]
[Site "?"]
[Date "2014.01.25"]
[Round "1.3"]
[White "Alonso Moyano, J."]
[Black "Granados Gomez, M."]
[Result "0-1"]
[WhiteElo "2454"]
[BlackElo "2434"]
[PlyCount "88"]
[EventDate "2014.??.??"]
[EventType "team"]
[EventCountry "ESP"]

1. e4 e5 2. Nc3 Nf6 3. g3 d5 4. exd5 Nxd5 5. Bg2 Nxc3 6. bxc3 Bd6 7. Nf3 O-O 8.
O-O Nc6 9. d4 Bg4 10. h3 Bh5 11. g4 Bg6 12. dxe5 Nxe5 13. Nxe5 Bxe5 14. Ba3
Bxc3 15. Rb1 Qxd1 16. Rbxd1 Rfd8 17. Bxb7 Rab8 18. Bc5 Rxd1 19. Rxd1 h5 20. Bc6
hxg4 21. hxg4 Rb2 22. a4 a5 23. f4 Rxc2 24. Bf2 Be5 25. fxe5 Rxc6 26. Rd5 Rc4
27. Rxa5 Rxg4+ 28. Kh2 Bc2 29. Rc5 Bxa4 30. Rxc7 Bb3 31. Rc3 Bd5 32. Bg3 Rd4
33. Rc2 Rd1 34. Bf2 Kh7 35. Rc3 g5 36. Kg3 Kg6 37. Re3 Kf5 38. Re1 Rd3+ 39. Re3
Rd2 40. Re1 Be4 41. Rf1 Kxe5 42. Be3 Rg2+ 43. Kh3 Re2 44. Rxf7 Bf5+ 0-1

[Event "Lliga Catalana eq. DH"]
[Site "?"]
[Date "2014.01.25"]
[Round "1.3"]
[White "Asis Gargatagli, H."]
[Black "Capellades Subirana, M."]
[Result "1/2-1/2"]
[WhiteElo "2514"]
[BlackElo "2290"]
[PlyCount "52"]
[EventDate "2014.??.??"]
[EventType "team"]
[EventCountry "ESP"]

1. e4 e5 2. Nf3 Nc6 3. Bc4 Bc5 4. c3 Nf6 5. d3 d6 6. Bb3 Be6 7. Nbd2 Qd7 8. Ba4
a6 9. d4 b5 10. dxc5 bxa4 11. cxd6 a3 12. b3 Qxd6 13. Qe2 O-O 14. Nb1 Rfd8 15.
Bxa3 Qd3 16. Qxd3 Rxd3 17. Ke2 Rad8 18. Nfd2 Nh5 19. g3 f5 20. exf5 Bxf5 21.
Re1 e4 22. Nc4 Bg4+ 23. Kf1 Bh3+ 24. Ke2 Bg4+ 25. Kf1 Bh3+ 26. Ke2 Bg4+ 1/2-1/2

[Event "Lliga Catalana eq. DH"]
[Site "?"]
[Date "2014.01.25"]
[Round "1.3"]
[White "Barbero Sendic, A."]
[Black "Vidarte Morales, A."]
[Result "0-1"]
[WhiteElo "2416"]
[BlackElo "2408"]
[PlyCount "72"]
[EventDate "2014.??.??"]
[EventType "team"]
[EventCountry "ESP"]

1. e4 c5 2. Nf3 e6 3. d4 cxd4 4. Nxd4 a6 5. Nc3 Qc7 6. Bd3 b5 7. O-O Bb7 8. Re1
Nc6 9. Nxc6 Qxc6 10. a4 b4 11. Nd5 Nf6 12. Qf3 Be7 13. Nxe7 Kxe7 14. a5 Rab8
15. Bf4 d6 16. Qg3 e5 17. Bd2 Ba8 18. f4 Rhe8 19. fxe5 dxe5 20. Qxg7 Rg8 21.
Qh6 Rg6 22. Qh4 Rg4 23. Qf2 Rbg8 24. Bxb4+ Ke8 25. Bf1 Nxe4 26. Qb6 f5 27.
Qxc6+ Bxc6 28. Rad1 R8g6 29. c4 f4 30. Rd3 Kf7 31. Ba3 h5 32. Rd8 h4 33. h3
R4g5 34. Rf8+ Kg7 35. Be7 Rg3 36. Kh2 Nd2 0-1

[Event "Lliga Catalana eq. DH"]
[Site "?"]
[Date "2014.01.25"]
[Round "1.3"]
[White "Benet Catala, A."]
[Black "Lorenzo de la Riva, L."]
[Result "0-1"]
[WhiteElo "2329"]
[BlackElo "2502"]
[PlyCount "96"]
[EventDate "2014.??.??"]
[EventType "team"]
[EventCountry "ESP"]

1. g3 d5 2. Bg2 Nf6 3. d3 e5 4. Nf3 Bd6 5. O-O O-O 6. c4 c6 7. Bg5 Nbd7 8. cxd5
cxd5 9. Nc3 h6 10. Bd2 Nb6 11. a4 Be6 12. Nb5 Bb8 13. a5 Nc8 14. a6 Qb6 15. Nc3
bxa6 16. b4 Bd6 17. Na4 Qd8 18. Nc5 Rb8 19. Rxa6 Bg4 20. h3 Bh5 21. g4 Bg6 22.
Qa1 Re8 23. d4 Ne4 24. Be3 Rxb4 25. Nxe4 Bxe4 26. Nxe5 Bxe5 27. dxe5 Bxg2 28.
Kxg2 Re4 29. Rd1 h5 30. Ra4 R8xe5 31. Rxe4 Rxe4 32. g5 Rxe3 33. fxe3 Qxg5+ 34.
Kh2 Qxe3 35. Rg1 d4 36. Rg2 Qe5+ 37. Kh1 a5 38. e3 Qxe3 39. Qxa5 Qxh3+ 40. Kg1
Qe3+ 41. Kh1 Nd6 42. Qxh5 Ne4 43. Qd5 g5 44. Kh2 d3 45. Kh1 d2 46. Qa8+ Kg7 47.
Qa1+ Kg6 48. Qd1 Qe1+ 0-1